| 000 | 02780nab a22006137 4500 | ||
|---|---|---|---|
| 003 | AR-RoUNA | ||
| 022 | _a0327-9022 | ||
| 040 |
_aAR-RoUNA _bspa |
||
| 041 | _aspa | ||
| 044 | _aag | ||
| 245 |
_aSumma+ / _bCampo - Casas y Caballos |
||
| 260 |
_aBuenos Aires (Argentina): _cDonn SA, _b1993. |
||
| 300 |
_a128 p. : _bil. byn. _bplanos _c34X25 cm. |
||
| 505 | 0 | _tINDICE | |
| 505 | 0 | _aFernando Diez / De casas y caballos. p. 1 | |
| 505 | 0 | _tCARTELERA | |
| 505 | 0 | _tCABALLERIZAS | |
| 505 | 0 | _aMagdalena Tagliabue / La escala equina. p. 8 | |
| 505 | 0 | _aEstudio Ramos / Cabellerías de Polo Figueras. p. 10 | |
| 505 | 0 | _aCarlos Cartanheira y Clara Bastal / Centro Ecuestre Leça da Palmeira. p. 18 | |
| 505 | 0 | _aMatías Zegers / MSporthorses. p. 24 | |
| 505 | 0 | _aJosé Ignacio Valdvieso y José Domingo Peñafiel / Llaverías y caballerizas Fundo El Galeano. p. 32 | |
| 505 | 0 | _tCASAS DE CAMPO | |
| 505 | 0 | _aMartín Di Peco / Contemplación y trabajo sobre el paisaje. p. 40 | |
| 505 | 0 | _aIgancio Correa / Casa Camilo. p. 42 | |
| 505 | 0 | _aGiuseppe Gurrieri / Casa ECS. p. 50 | |
| 505 | 0 | _aEstudio Karma Pahissa & Asociados / Pabellón El Chajá. p. 58 | |
| 505 | 0 | _aMathias Klotz y Carolina Pedroni / Villa 1 de las Musas. p. 64 | |
| 505 | 0 | _tCASAS SUBURBANAS | |
| 505 | 0 | _aGustavo Alonso Serafin / Refugios Suburbanos. p. 72 | |
| 505 | 0 | _aBernado Rosello / Casa en El Maitén. p. 74 | |
| 505 | 0 | _aBotteri - Connell / Pabellón Experimental de Ladrillos. p. 80 | |
| 505 | 0 | _aAgustín Berzero y Valeria Jaro / Refugio Urbano. p. 86 | |
| 505 | 0 | _aArquitectos Associados / Casa K5. p. 92 | |
| 505 | 0 | _tHISTORIA | |
| 505 | 0 | _aAbílio Guerra / Casa de la Estancia Cava, Cabreúva, Brasil. La Casa Binuclear de Paulo Mendes Da Rocha. p. 98 | |
| 505 | 0 | _aMarta Peixoto / Caleidoscopio: por dentro de la casa de vidrio de Lina Bo Bardi. p. 110 | |
| 505 | 0 | _aPatricia Tetzlaff / Ciiudad Líquida. Trienal de Brujas 2018. p. 104 | |
| 505 | 0 | _tINSINUACIONES | |
| 505 | 0 | _aRuth Verde Zein / Ecos de la tierra en las agus de Venecia. p. 118 | |
| 505 | 0 | _aPablo Güiraldes / Libro de Pablo Meninato. p. 120 | |
| 505 | 0 | _aGustavo Alonso Serafin / El siglo de la Bauhaus. p. 122 | |
| 505 | 0 | _aJuan Solaegui y Mario Sabugo / Friedensreich Hundertwasser. p. 125 | |
| 505 | 0 | _tNOTICIAS | |
| 505 | 0 | _tTEXTURAS | |
| 505 | 0 | _aRoberto Fernández / Crítica, acumpuntura y la clínica deleuziana. p. 127 | |
| 505 | 0 | _aLouise Noelle / Luis Barragán: la exaltación de lo encuestre. p. 128 | |
| 650 | _2Arquitectura conteporánea | ||
| 773 | 0 |
_aSumma+ _dBuenos Aires, Argentina _gNº168 (dic; 2018), p. 128 _x0327-9022 |
|
| 908 | _aImp | ||
| 942 |
_2udc _cART |
||
| 945 | _d2022-07-08 | ||
| 980 |
_6138 _aCarolina Rainero _8138 _gCarolina Rainero |
||
| 999 |
_c12325 _d12325 |
||